|
|
|
|
| LEADER |
00000nab a2200000 a 4500 |
| 001 |
vtls008853994 |
| 003 |
SK-MaSNL |
| 005 |
20260303062245.0 |
| 008 |
141006c2006 xo qr|p|||||||000 b|slo |
| 015 |
|
|
|a SNBRB2006/10
|2 snkbucl
|
| 038 |
|
|
|a SNKBUCL
|
| 040 |
|
|
|a SNKBUCL
|b slo
|c SNKBUCL
|e AACR2
|
| 041 |
0 |
|
|a slo
|
| 044 |
|
|
|a xo
|c SK
|
| 080 |
|
|
|a 235.3
|2 1997
|
| 080 |
|
|
|a 929 Galen von, Klement August, bl.
|2 1997
|
| 100 |
1 |
|
|a Malý, Vincent,
|d 1922-2008
|4 aut
|9 102577
|
| 245 |
1 |
0 |
|a Blahorečenia v roku
|c Vincent Malý
|
| 600 |
1 |
7 |
|a Galen von, Klement August
|c bl.
|d 1878-1946
|2 snkbucl
|9 1057711
|
| 773 |
0 |
|
|t Liturgia
|g Roč. XVI, č. 1 (61) (2006), s. 51-53
|x 1210-0676
|
| 852 |
|
|
|a SNK
|b KIS3GCP
|
| 958 |
|
|
|a BC
|
| 999 |
|
|
|c 1738573
|d 1740503
|